| 000 | 01095cam a22002773a 4500 | ||
|---|---|---|---|
| 001 | 20292 | ||
| 003 | PGUSA | ||
| 005 | 20140828083429.0 | ||
| 008 | 070105s2007||||xxu|||||s|||||000 1 eng d | ||
| 040 |
_aPGUSA _beng |
||
| 042 | _adc | ||
| 050 | 4 | _aPS | |
| 100 | 1 |
_aFox, John, _d1863-1919 |
|
| 245 | 1 | 0 |
_aIn Happy Valley _h[electronic resource] / _cJohn Fox |
| 260 |
_bProject Gutenberg, _c2007 |
||
| 505 | 0 | _aThe Courtship of Allaphair -- The Compact of Christopher -- The Lord's Own Level -- The Marquise of Queensberry -- His Last Christmas Gift -- The Angel from Viper -- The Pope of the Big Sandy -- The Goddess of Happy Valley -- The Battle-Prayer of Parson Small -- The Christmas Tree on Pigeon. | |
| 506 | _aPublic domain in the USA. | ||
| 516 | _aElectronic text | ||
| 653 | _aCumberland Mountains -- Fiction | ||
| 653 | _aKentucky -- Social life and customs -- Fiction | ||
| 653 | _aMountain life -- Fiction | ||
| 700 | 1 |
_aYohn, F. C. _q(Frederick Coffay), _d1875-1933 |
|
| 830 | 0 |
_aProject Gutenberg _v20292 |
|
| 856 | 4 | 0 | _uhttp://www.gutenberg.org/ebooks/20292 |
| 942 | _cEB | ||
| 999 |
_c249547 _d249547 |
||